000
00379nam a2200133Ia 4500
008
100328s9999 xx 000 0 und d
082
_b
17356
100
_a
मधुकर
245
_a
स्वप्न सुंदरी
260
_b
आदर्श
630
_a
स्वप्न सुंदरी
730
_a
स्वप्न सुंदरी
942
_c
BOOK
999
_c
511938
_d
511935